000 00551nam a2200229Ia 4500
003 OSt
005 20220924145522.0
006 a|||||r|||| 00| 0
007 ta
008 PER
024 _a329055
037 _cTextual
040 _aARTS
_cARTS
_bPER
041 _2PER
_aPER
082 _aO164,8x, K2
100 _aFarhangi Shorai Au.
_9219934
245 0 _aBa banfashah hai baraan
260 _c1962
650 _aPERSIAN SATIRE
_9198988
942 _hO164,8x, K2
_cTEXL
_2CC
999 _c460326
_d460326